00357nam a2200121Ia 4500008004100000082002000041100003200061245002300093260003900116300001000155630001800165650005200183211109s9999||||xx |||||||||||||| ||und|| a894.8124bKUT-M aKuttipurathu, Kittunni Nair 0aMahakavi Vallathol bNATIONAL BOOKSTALLaKottayamc1978 a144p. xGeneral stack aMalayalam LiteraturevMalayalam EssaysGeneralia